000 00769nam a22002297a 4500
001 125108
003 UA-OsUOA
005 20220501171036.0
007 ta
008 20170906b un ||||| |||| 00| 0 ukr d
040 _aUA-OsUOA
_brus
_cUA-OsUOA
_dUA-OsUOA
041 _arus
080 _a82.09(470+571)
090 _a82.09(470+571)
_bИ90
245 _aИстория русской литературы ХІ - ХVII веков
_bучебник
_cпод ред. Д. С. Лихачева
260 _aМ.
_bПросвещение
_c1985
300 _a432 с.
650 7 _a82.09 Літературна критика. Літературні дослідження
_2UDC
942 _cBK
_2udc
955 _a2
999 _c412316
_d412316